000 00669nam a2200205Ii 4500
003 JO-AjNU
008 230606s9999||||xx |||||||||||||| ||und||
040 _aJO-AjNU
_beng
_erda
_cJO-AjNU
041 _aeng
050 1 4 _aG1046.G1 1962
100 3 _aPREPARED BY THE ECONOMIST INTELLIGENCE UNIT AND THE CAROGRAHIC DEPARTMENT OF THE CLARENDON PREES,
_eauthor
_96094
245 0 0 _aOXFORD ECONOMIC ATLAS OF THE WORLD
250 _a2ed
264 3 1 _aOxford: Oxford University Press, 1962
300 _a151p
336 _atext
_btxt
_2rdacontent
337 _aunmediated
_bn
_2rdamedia
338 _avolume
_bnc
_2rdacarrier
650 4 _aEconomic geography -- Maps.
_96095
999 _aE3164
_c3160
_d3160